Cây thuốc vị thuốc bài thuốc Việt Nam

Saved in:
Bibliographic Details
Main Author: Tào, Duy Cần
Format: Book
Language:Undetermined
Published: Hà Nội Nhà xuất bản Hà Nội 2007
Subjects:
Tags: Add Tag
No Tags, Be the first to tag this record!
Institutions: Trung tâm Học liệu Trường Đại học Cần Thơ
LEADER 00578nam a2200193Ia 4500
001 CTU_129242
008 210402s9999 xx 000 0 und d
020 |c 280000 
082 |a 581.634 
082 |b C121 
100 |a Tào, Duy Cần 
245 0 |a Cây thuốc vị thuốc bài thuốc Việt Nam 
245 0 |c Tào Duy Cần, Trần Sĩ Viên 
260 |a Hà Nội 
260 |b Nhà xuất bản Hà Nội 
260 |c 2007 
650 |a Botany, medical 
904 |i Tuyến 
980 |a Trung tâm Học liệu Trường Đại học Cần Thơ